00728nam a2200121Ia 4500008004100000020001800041100003700059245015800096260002700254650002000281650026000301856004500561171212s9999 xx 000 0 und d a9780833077905 aHosek, Susan D.;Straus, Susan G. cHosek, Susan D.;Straus, Susan G.aPatient Privacy, Consent, and Identity Management in Health Information ExchangebIssues for the Military Health System bRAND Corporationc2013 aHealth Sciences aMedical records -- Access control -- United States; United States -- Armed Forces -- Medical care; Medicine, Military -- United States -- Information services; Medical informatics -- United States; Information storage and retrieval systems -- Medical care uwww.jstor.org/stable/10.7249/j.ctt3fgzjz